Statistics for Grace Jones Discography

Click here to take the quiz!

General Stats

  • This quiz has been taken 2 times
  • The average score is 4 of 20

Answer Stats

TypeYearName% Correct
Compilation1985Island Life
100%
Album1981Nightclubbing
100%
Compilation200320th Century Masters - The Millennium Collection: The Best of Grace Jones
50%
Album2008Hurricane
50%
Album1986Inside Story
50%
Album1977Portfolio
50%
Album1989Bulletproof Heart
0%
Box Set2013Disco
0%
Album1978Fame
0%
Compilation2013Icon
0%
Album1982Living My Life
0%
Album1979Muse
0%
Compilation1998Private Life: The Compass Point Sessions
0%
Album1985Slave to the Rhyhtm
0%
Compilation2004The Collection
0%
Compilation2006The Grace Jones Story
0%
Compilation1993The Ultimate
0%
Compilation2006The Ultimate Collection
0%
Compilation2003The Universal Masters Collection
0%
Album1980Warm Leeatherette
0%

Score Distribution

Percentile by Number Answered

Percent of People with Each Score

Your Score History

You have not taken this quiz